<?xml version="1.0" encoding="UTF-8"?>
<record
    xmlns:xsi="http://www.w3.org/2001/XMLSchema-instance"
    xsi:schemaLocation="http://www.loc.gov/MARC21/slim http://www.loc.gov/standards/marcxml/schema/MARC21slim.xsd"
    xmlns="http://www.loc.gov/MARC21/slim">

  <leader>00893nam a22002537a 4500</leader>
  <datafield tag="952" ind1=" " ind2=" ">
    <subfield code="a">0001</subfield>
    <subfield code="b">0001</subfield>
    <subfield code="d">2020-08-27</subfield>
    <subfield code="l">0</subfield>
    <subfield code="o">923.2 Ecevit,B. S23e 1974</subfield>
    <subfield code="p">019482</subfield>
    <subfield code="r">2020-08-27 00:00:00</subfield>
    <subfield code="u">c.1</subfield>
    <subfield code="w">2020-08-27</subfield>
    <subfield code="x">Emine Ba&#x15F;ak Alkan Ba&#x11F;&#x131;&#x15F;&#x131;d&#x131;r.</subfield>
    <subfield code="y">BKS</subfield>
  </datafield>
  <datafield tag="952" ind1=" " ind2=" ">
    <subfield code="a">0001</subfield>
    <subfield code="b">0001</subfield>
    <subfield code="d">2020-08-27</subfield>
    <subfield code="l">0</subfield>
    <subfield code="o">923.2 Ecevit,B. S23e 1974</subfield>
    <subfield code="p">019483</subfield>
    <subfield code="r">2020-08-27 00:00:00</subfield>
    <subfield code="u">c.2</subfield>
    <subfield code="w">2020-08-27</subfield>
    <subfield code="x">Emine Ba&#x15F;ak Alkan Ba&#x11F;&#x131;&#x15F;&#x131;d&#x131;r.</subfield>
    <subfield code="y">BKS</subfield>
  </datafield>
  <datafield tag="999" ind1=" " ind2=" ">
    <subfield code="c">13994</subfield>
    <subfield code="d">13994</subfield>
  </datafield>
  <controlfield tag="001">13960</controlfield>
  <controlfield tag="003">MIRAKIL</controlfield>
  <controlfield tag="005">20200827110734.0</controlfield>
  <controlfield tag="008">200827b        tu ||||| |||| 00| 0 tur d</controlfield>
  <datafield tag="035" ind1=" " ind2=" ">
    <subfield code="a">13960</subfield>
  </datafield>
  <datafield tag="040" ind1=" " ind2=" ">
    <subfield code="a">TR-AnCHP</subfield>
    <subfield code="b">tur</subfield>
    <subfield code="c">TR-AnCHP</subfield>
  </datafield>
  <datafield tag="082" ind1=" " ind2=" ">
    <subfield code="a">923.2 Ecevit,B. </subfield>
    <subfield code="b">S23e 1974</subfield>
  </datafield>
  <datafield tag="100" ind1=" " ind2=" ">
    <subfield code="a">Sa&#x11F;lamer, Kayhan</subfield>
  </datafield>
  <datafield tag="245" ind1=" " ind2=" ">
    <subfield code="a">Ecevit Olay&#x131;:</subfield>
    <subfield code="b">Bir Ba&#x15F;bakan&#x131;n do&#x11F;u&#x15F;u/</subfield>
    <subfield code="c">Kayhan Sa&#x11F;lamer.</subfield>
  </datafield>
  <datafield tag="246" ind1=" " ind2=" ">
    <subfield code="a">Bir Ba&#x15F;bakan&#x131;n do&#x11F;u&#x15F;u</subfield>
  </datafield>
  <datafield tag="260" ind1=" " ind2=" ">
    <subfield code="a">&#x130;stanbul:</subfield>
    <subfield code="b">Belge Yay&#x131;nlar&#x131;,</subfield>
    <subfield code="c">1974.</subfield>
  </datafield>
  <datafield tag="300" ind1=" " ind2=" ">
    <subfield code="a">c.:</subfield>
    <subfield code="c">20 sm.</subfield>
  </datafield>
  <datafield tag="490" ind1="0" ind2=" ">
    <subfield code="a">Belge Yay&#x131;nlar&#x131;;</subfield>
    <subfield code="a">Ya&#x15F;ayan T&#xFC;rk B&#xFC;y&#xFC;kleri Dizisi;</subfield>
    <subfield code="v">1</subfield>
  </datafield>
  <datafield tag="600" ind1=" " ind2=" ">
    <subfield code="a">Ecevit, B&#xFC;lent</subfield>
    <subfield code="c">T&#xFC;rkiye Cumhuriyeti Ba&#x15F;bakan&#x131;</subfield>
    <subfield code="d">1925-2006</subfield>
    <subfield code="x">An&#x131;lar</subfield>
  </datafield>
  <datafield tag="600" ind1=" " ind2=" ">
    <subfield code="a">Ecevit, B&#xFC;lent</subfield>
    <subfield code="c">T&#xFC;rkiye Cumhuriyeti Ba&#x15F;bakan&#x131;</subfield>
    <subfield code="d">1925-2006</subfield>
    <subfield code="x">Ya&#x15F;am&#xF6;yk&#xFC;s&#xFC; </subfield>
  </datafield>
  <datafield tag="650" ind1=" " ind2=" ">
    <subfield code="a">Devlet ba&#x15F;kanlar&#x131;</subfield>
    <subfield code="x">Ya&#x15F;am&#xF6;yk&#xFC;s&#xFC; </subfield>
  </datafield>
  <datafield tag="740" ind1=" " ind2=" ">
    <subfield code="a">Bir Ba&#x15F;bakan&#x131;n do&#x11F;u&#x15F;u</subfield>
  </datafield>
  <datafield tag="942" ind1=" " ind2=" ">
    <subfield code="2">ddc</subfield>
    <subfield code="c">BKS</subfield>
  </datafield>
</record>
